000 00735nam a2200229 a 4500
999 _c11249
_d11249
001 11249
003 BD-JhCC
005 20200228134007.0
008 190619s2014 bg |||| ||a| 001 0 ben d
020 _a9847009602528
035 _a(BD-JhCC)11249
040 _aBD-JhCC
_dBD-JhCC
041 _aben
082 _a510
_bBON 2014
100 _aবন্দ্যোপাধ্যায়, অপরেশ
245 _aগণিত অভিধান /
_cঅপরেশ বন্দ্যোপাধ্যায় ।
260 _aঢাকা:
_bতাম্রলিপি;
_c২০১৪.
300 _a৪৪৮ পৃ. :
_c২২ সেমি.
650 _aMahtematics
942 _2ddc
_cBK
_02